| 000 | 00932nam a22002657a 4500 | ||
|---|---|---|---|
| 001 | BR8004409 | ||
| 003 | BR-BrBNA | ||
| 005 | 20230928090653.0 | ||
| 007 | ta | ||
| 008 | 230509b bl.||||| |||| 00| 0 por d | ||
| 040 |
_aBR-BrBNA _bpor _cBiblioteca Nacional de Agricultura |
||
| 041 | _a(Spa) | ||
| 072 |
_aH10; L72 _b4020 _b/G514 |
||
| 090 | _ 4020 BR8004409 | ||
| 100 | 1 | _aSantis, L. de | |
| 245 | 1 | _aCatalogo de los himenopteros brasilenos de la serie parasitica [Ichneumonoidea, Chalcidoidea, Cynipoidea, Evanioidea, Felecinoidea, Proctotrupoidea, Diapriidae, Bethyoidea, Brasil] | |
| 260 | 3 |
_aCuritiba, PR (Brasil): _bEd. da Universidade Federal do Parana, _c1980. |
|
| 300 | _a395 p. | ||
| 500 | _a(*) Documento disponível no(a) Fundacao Cultural Casa da Memoria, Curitiba, PR (Brazil) | ||
| 650 | _aHIMENOPTERO | ||
| 650 | _aINSETO | ||
| 650 | _aPARASITO | ||
| 909 |
_a202309 _bLucia _c55 _dLucia Elande |
||
| 942 | _cBK | ||
| 999 |
_c29939 _d29939 |
||